Ngữ âm tiếng Việt

Sách trình bày những nét cơ bản của hệ thống ngữ âm tiếng Việt, những vấn đề lý luận cơ sở của Ngôn ngữ học, âm tiết, thanh điệu, âm điệu, âm đầu , âm cuối, âm chính , chữ viết.

Đã lưu trong:
書目詳細資料
主要作者: Đoàn, Thiện Thuật
格式: 圖書
語言:Undetermined
出版: Hà Nội Đại học Quốc gia Hà Nội 1999
主題:
標簽: 添加標簽
沒有標簽, 成為第一個標記此記錄!
Thư viện lưu trữ: Trung tâm Học liệu Trường Đại học Cần Thơ
LEADER 00903nam a2200217Ia 4500
001 CTU_39416
008 210402s9999 xx 000 0 und d
020 |c 27500 
082 |a 495.922 
082 |b Th504/1999 
100 |a Đoàn, Thiện Thuật 
245 0 |a Ngữ âm tiếng Việt 
245 0 |c Đoàn Thiện Thuật 
260 |a Hà Nội 
260 |b Đại học Quốc gia Hà Nội 
260 |c 1999 
520 |a Sách trình bày những nét cơ bản của hệ thống ngữ âm tiếng Việt, những vấn đề lý luận cơ sở của Ngôn ngữ học, âm tiết, thanh điệu, âm điệu, âm đầu , âm cuối, âm chính , chữ viết. 
650 |a Vietnamese language 
650 |x Phonetics 
904 |i Trọng Hải 
980 |a Trung tâm Học liệu Trường Đại học Cần Thơ